000 00252nam a2200109Ia 4500
008 201231s9999 xx 000 0 und d
100 _aHodges, Susan
245 0 _aLaw of the Marine Insurance
260 _aEngkand
_bCavendish
300 _a0
942 _cBK
999 _c9890
_d9890